[Event "2nd Pfalz Open"]
[Site "Neustadt an der Weinstrasse GER"]
[Date "2009.02.16"]
[Round "3"]
[White "Markowski,T"]
[Black "Skembris,S"]
[Result "1-0"]
[WhiteElo "2605"]
[BlackElo "2413"]

1.g3 e5 2.c4 Nf6 3.Bg2 d5 4.cxd5 Nxd5 5.Nf3 Nc6 6.O-O Nb6 7.Nc3 Be7 8.d3 O-O
9.Be3 Re8 10.a3 Bf8 11.b4 a5 12.Bc5 axb4 13.axb4 Rxa1 14.Qxa1 Nd7 15.Bxf8 Nxf8
16.Qb2 Nd4 17.Rc1 c6 18.Ne1 Nfe6 19.e3 Nf5 20.Ne4 Nc7 21.Nd2 Nb5 22.Nc4 f6
23.Na5 Nfd6 24.Nf3 Be6 25.Nd2 Qe7 26.Qc2 Qf7 27.Ndc4 Bd5 28.Bf1 Qc7 29.Nxd6 Nxd6
30.Qc5 Re7 31.Qc2 g5 32.Nc4 Kg7 33.Nxd6 Qxd6 34.Qc3 Bf3 35.Ra1 b6 36.Bg2 Bxg2
37.Kxg2 c5 38.bxc5 bxc5 39.Ra3 Qd5+ 40.e4 Qd4 41.Qb3 Qb4 42.Qa2 Rc7 43.Ra4 Qb5
44.Ra3 Qb4 45.Rb3 Qd4 46.Qa8 Qd7 47.Qa6 Qf7 48.Rc3 Qd7 49.Ra3 g4 50.Qb6 Rc6
51.Qb5 Rc7 52.Qb6 Rc6 53.Qb3 Rc7 54.Ra8 Rc8 55.Ra6 Rc6 56.Qa4 Rc7 57.Qb3 Rc6
58.Ra3 Rc7 59.Ra4 Rb7 60.Qa3 Qb5 61.Ra8 Qb4 62.Qa6 Qb3 63.Rd8 Rf7 64.Qc8 f5
65.Rg8+ Kh6 66.Qd8  1-0

[Event "2nd Pfalz Open"]
[Site "Neustadt an der Weinstrasse GER"]
[Date "2009.02.18"]
[Round "5"]
[White "Markowski,T"]
[Black "Kuzubov,Y"]
[Result "1/2-1/2"]
[WhiteElo "2605"]
[BlackElo "2626"]

1.g3 e5 2.c4 Nf6 3.Bg2 d5 4.cxd5 Nxd5 5.Nf3 Nc6 6.O-O Be7 7.Nc3 Nb6 8.d3 O-O
9.Be3 Be6 10.a3 a5 11.Rc1 Re8 12.Na4 Nd5 13.Bc5 Bd6 14.Qc2 Rc8 15.e4 Nb6
16.Be3 Nxa4 17.Qxa4 Qd7 18.Qb5 Rb8 19.Nd2 Nd4 20.Qxd7 Bxd7 21.Bxd4 exd4 22.Nc4 Bb5
23.Rfd1 Bxc4 24.Rxc4 c5 25.a4 b5 26.axb5 Rxb5 27.Rd2 Reb8 28.Rcc2 Kf8 29.f4 f6
30.e5 fxe5 31.fxe5 Bxe5 32.Bc6 R5b6 33.Rxc5 Bf6 34.Be4 Rxb2 35.Rxb2 Rxb2
36.Rxa5 h6 37.Ra7 Ke8  1/2-1/2

[Event "47th XtraCon TCh-DEN 2008-9"]
[Site "Denmark DEN"]
[Date "2009.02.22"]
[Round "7"]
[White "Glud,J"]
[Black "Mortensen,E"]
[Result "1/2-1/2"]
[WhiteElo "2444"]
[BlackElo "2450"]

1.c4 e5 2.g3 Nf6 3.Bg2 c6 4.d4 Bb4+ 5.Bd2 Bxd2+ 6.Qxd2 d6 7.Nc3 O-O 8.e3 Be6
9.Rd1 Na6 10.b3 exd4 11.Qxd4 Qa5 12.Ne2 d5 13.cxd5 Nxd5 14.O-O Nxc3 15.Qxc3 Qxc3
16.Nxc3 Rfd8 17.h3 Kf8 18.g4 f6 19.f4 Ke7 20.Kf2 Nb4 21.Be4 h6 22.a3 Na6
23.Bc2 Nc7 24.e4 b6 25.Ke3 c5 26.f5 Bf7 27.a4 Rxd1 28.Rxd1 Rd8 29.Rxd8 Kxd8
30.e5 Nd5+ 31.Nxd5 Bxd5 32.Kf4 Ke7 33.h4 a6 34.g5 hxg5+ 35.hxg5 Kf7 36.e6+ Ke7
37.Kg4 b5 38.Kh5 c4 39.bxc4 Bxc4 40.axb5 axb5 41.Kg6 fxg5 42.Kxg5  1/2-1/2

[Event "ch-EST"]
[Site "Rakvere EST"]
[Date "2009.02.26"]
[Round "9"]
[White "Seeman,T"]
[Black "Neff,S"]
[Result "0-1"]
[WhiteElo "2401"]
[BlackElo "2239"]

1.g3 e5 2.c4 h5 3.h4 Bc5 4.Bg2 Nc6 5.Nc3 a6 6.a3 d6 7.e3 Bg4 8.Qc2 Qd7 9.b4 Ba7
10.Bb2 Nge7 11.Nf3 f6 12.Rc1 Rc8 13.O-O Bh3 14.Rfd1 Bxg2 15.Kxg2 Qg4 16.d4 exd4
17.exd4 Nf5 18.Nd5 Bxd4 19.Bxd4 Qxf3+ 20.Kxf3 Nfxd4+ 21.Kg2 Nxc2 22.Rxc2 Kf7
23.b5 Ne5 24.bxa6 bxa6 25.c5 dxc5 26.Rxc5 Rhd8 27.Rb1 c6 28.Nf4 g6 29.Rb6 Rc7
30.Rxa6 Rb7 31.Rc2 Rd1 32.a4 Ke7 33.a5 g5 34.hxg5 fxg5 35.Re2 Kd6 36.Nxh5 g4
37.Nf6 Rbb1 38.Nxg4 Nxg4 39.Ra8 Rg1+ 40.Kf3 Nf6 41.a6 Rb3+ 42.Kf4 Ra1 43.Kf5 Nd5
44.Re6+ Kc5 45.Re2 Rba3 46.g4 Rf3+ 47.Ke5 Nb6 48.Ra7 Rf8 49.Ke6 Nc8 50.Rc2+ Kb6
51.Rb7+ Kxa6 52.Rb8 Re1+ 53.Kd7 Nb6+ 54.Kxc6 Re6+ 55.Kc7 Rf7+  0-1

[Event "TCh-AUT 2nd Bundesliga Ost 2008-9"]
[Site "Austria AUT"]
[Date "2009.03.01"]
[Round "9"]
[White "Beim,V"]
[Black "Videki,S"]
[Result "1/2-1/2"]
[WhiteElo "2506"]
[BlackElo "2428"]

1.c4 e5 2.g3 Nf6 3.Bg2 Nc6 4.Nc3 Bb4 5.Nd5 Bc5 6.e3 O-O 7.Ne2 a6 8.d4 Ba7
9.Nxf6+ Qxf6 10.d5 Nb8 11.O-O d6 12.Kh1 Qe7  1/2-1/2

[Event "TCh-AUT 2nd Bundesliga Ost 2008-9"]
[Site "Austria AUT"]
[Date "2009.03.01"]
[Round "9"]
[White "Steiner,B"]
[Black "Steinert,Mart"]
[Result "0-1"]
[WhiteElo "2177"]
[BlackElo "2058"]

1.c4 e5 2.g3 Nc6 3.Bg2 g6 4.Nc3 Bg7 5.e4 Nd4 6.Nge2 Nxe2 7.Qxe2 Ne7 8.d3 Nc6
9.Be3 d6 10.Qd2 Nd4 11.O-O O-O 12.Rab1 Bh3 13.b4 Bxg2 14.Kxg2 c6 15.f3 Ne6
16.b5 f5 17.bxc6 bxc6 18.Rb2 f4 19.Bg1 h5 20.Ne2 Bh6 21.d4 Qc8 22.dxe5 dxe5
23.Qd6 fxg3 24.h4 Qe8 25.Rb7 Rd8 26.Qe7 Qxe7 27.Rxe7 Nf4+ 28.Nxf4 Bxf4 29.Rxa7 Rd2+
30.Kh3 Rb8 31.a4 Rbb2 32.Ra8+ Kh7 33.Ra7+ Kh6  0-1

[Event "3rd Georgi Agzamov Mem"]
[Site "Tashkent AZE"]
[Date "2009.03.16"]
[Round "1"]
[White "Chatalbashev,B"]
[Black "Hamrakulova,Y"]
[Result "1-0"]
[WhiteElo "2560"]
[BlackElo "2169"]

1.c4 e5 2.g3 Nf6 3.Bg2 d5 4.cxd5 Nxd5 5.Nf3 Nc6 6.O-O Nb6 7.d3 Be7 8.Nbd2 O-O
9.a3 a5 10.b3 Be6 11.Bb2 f6 12.Qc2 Qd7 13.Rfd1 Rfd8 14.Rac1 Bf8 15.Nc4 Qf7
16.Qb1 Nd5 17.Qa1 Rac8 18.h4 Nb6 19.Bc3 Nxc4 20.bxc4 Qe7 21.Bb2 a4 22.Nd2 Qd7
23.Qb1 b6 24.Re1 Kh8 25.Ne4 Na5 26.Rcd1 Nb3 27.Nc3 Nc5 28.Qc2 Rb8 29.Nd5 Bxd5
30.Bxd5 c6 31.Bg2 Nb3 32.e3 b5 33.d4 exd4 34.exd4 b4 35.d5 cxd5 36.Rxd5 Qc7
37.Rh5 h6 38.Qg6 Rd2 39.Be4 f5 40.Bxf5  1-0

[Event "Open B"]
[Site "Zagreb CRO"]
[Date "2009.03.24"]
[Round "4"]
[White "Stipic,B"]
[Black "Vrsek,I"]
[Result "1-0"]
[WhiteElo "2097"]
[BlackElo "2204"]

1.c4 e5 2.g3 Nf6 3.Bg2 d5 4.cxd5 Nxd5 5.Nc3 Nb6 6.Nf3 Nc6 7.O-O Be7 8.a3 a5
9.d3 O-O 10.Be3 Re8 11.Rc1 Bf8 12.Bxb6 cxb6 13.Nb5 Bg4 14.h3 Bxf3 15.Bxf3 Bc5
16.Nc3 Qd7 17.Bg2 Nd4 18.Nd5 a4 19.e3 Nb3 20.Rc3 Re6 21.Qg4 Rd8 22.Rd1 Rd6
23.Qxd7 R8xd7 24.Nb4 Kf8 25.Na2 f5 26.Kf1 g5 27.Ke2 f4 28.Rc2 Rf6 29.Rf1 Re7
30.Nc3 h5 31.Nd5 g4 32.hxg4 hxg4 33.Nxf6 f3+ 34.Bxf3 gxf3+ 35.Ke1 Re6 36.Nh7+ Ke7
37.Ng5 Rf6 38.Rh1 b5 39.Rh7+ Kf8 40.Ne4 Rc6 41.Nxc5 Nxc5 42.Rc3 b6 43.d4 exd4
44.exd4 Re6+ 45.Kf1 Kg8 46.dxc5 Kxh7 47.c6 Rd6 48.Ke1  1-0

[Event "Battle of the GMs"]
[Site "Dapitan PHI"]
[Date "2009.03.29"]
[Round "8"]
[White "Villamayor,B"]
[Black "Gomez,Joh"]
[Result "0-1"]
[WhiteElo "2471"]
[BlackElo "2539"]

1.c4 e5 2.g3 Nf6 3.Bg2 d5 4.cxd5 Nxd5 5.Nc3 Nb6 6.d3 Be7 7.Nf3 Nc6 8.O-O O-O
9.Be3 Bg4 10.Rc1 Re8 11.a3 Bf8 12.Na4 Nd4 13.Bxd4 exd4 14.h3 Be6 15.Nd2 c6
16.Re1 Nd7 17.Nb3 Bxb3 18.Qxb3 Rb8 19.Qd1 b5 20.Bxc6 bxa4 21.Qxa4 Nc5 22.Qxa7 Re6
23.Bd5 Rf6 24.b4 Ne6 25.Bg2 h5 26.h4 g5 27.hxg5 Nxg5 28.Rc4 Ne6 29.Be4 h4
30.Kg2 Bh6 31.Qa5 Qd6 32.Rh1 hxg3 33.fxg3 Be3 34.Rh5 Nf4+ 35.gxf4 Qxf4 36.Kh3 Rg6
37.Bxg6 Qf1+ 38.Kg3 Qg1+ 39.Kh3 Qf1+ 40.Kg3 Bf2+ 41.Kf3 Bg1+ 42.Kg3 Qf2+
43.Kh3 Qh2+ 44.Kg4 Qg2+ 45.Kf4 Be3+ 46.Ke5 Qxg6  0-1

[Event "47th Doeberl Cup Premier"]
[Site "Canberra AUS"]
[Date "2009.04.09"]
[Round "1"]
[White "Reinderman,D"]
[Black "Quick,S"]
[Result "1-0"]
[WhiteElo "2560"]
[BlackElo "2197"]

1.c4 e5 2.g3 Nf6 3.Bg2 Nc6 4.Nc3 Bc5 5.a3 a6 6.e3 d6 7.Nge2 O-O 8.O-O Ba7
9.d4 exd4 10.exd4 h6 11.h3 Re8 12.b4 Ne7 13.c5 c6 14.Nf4 Nf5 15.Ra2 dxc5
16.dxc5 Qxd1 17.Rxd1 g5 18.Nfe2 Be6 19.Ra1 Bb3 20.Rd2 Rad8 21.Rxd8 Rxd8 22.Ne4 Nxe4
23.Bxe4 Nd4 24.Nxd4 Rxd4 25.Bf3 Be6 26.Bb2 Rd3 27.Be4 Rd8 28.Bf6 Rd7 29.Kg2 Bb8
30.Re1 Bc7 31.g4 Bd8 32.Bc3 Kf8 33.Kf3 Bd5 34.Re3 Be6 35.Be5 Be7 36.Bc3 Bd8
37.Re1 Bc7 38.a4 Bd5 39.Rb1 Bxe4+ 40.Kxe4 Rd5 41.Bd4 Rd7 42.b5 axb5 43.axb5 cxb5
44.Rxb5 Bd8 45.Rb3 f6 46.Ra3 Kf7 47.Ra8 Ke6 48.Rb8 Ke7 49.Rc8 Ke6 50.Be3 Kf7
51.f4 Ke6 52.f5+ Kf7 53.Rb8 Ke7 54.Bd4 Kf7 55.Kd3 Ke7 56.Kc4 Ke8 57.Bxf6  1-0

[Event "11th European Senior Team"]
[Site "Velden AUT"]
[Date "2009.04.11"]
[Round "7"]
[White "Reuben,S"]
[Black "Taksrud,V"]
[Result "1-0"]
[WhiteElo "2102"]
[BlackElo "2191"]

1.c4 e5 2.g3 Nf6 3.Bg2 Nc6 4.Nc3 Bb4 5.d3 O-O 6.Bd2 Re8 7.Nf3 d6 8.O-O h6
9.a3 Bxc3 10.Bxc3 e4 11.Nd4 Ne5 12.dxe4 Nxc4 13.Qc2 Ng4 14.h3 Nge5 15.b3 Nb6
16.Rad1 Nc6 17.a4 Bd7 18.a5 Nc8 19.a6 Nxd4 20.axb7 Rb8 21.Bxd4 Rxb7 22.e5 Rb5
23.exd6 cxd6 24.Qc3 Rg5 25.e4 f6 26.h4 Rb5 27.Ra1 Be6 28.b4 Re7 29.Rfc1 Reb7
30.Ra4 Nb6 31.Ra6 Nc8 32.e5 fxe5 33.Bxb7 exd4 34.Qc6 Rb6 35.Qe4 d5 36.Qe5 Qf6
37.Qxf6 gxf6 38.Bxc8 Rxb4 39.Bxe6+ Kg7 40.Rc7+ Kg6 41.g4  1-0

[Event "KFP Cup"]
[Site "Frydek Mistek CZE"]
[Date "2009.04.12"]
[Round "7"]
[White "Jurcik,Mart"]
[Black "Sosovicka,J"]
[Result "1-0"]
[WhiteElo "2331"]
[BlackElo "2067"]

1.c4 e5 2.g3 Nf6 3.Bg2 d5 4.cxd5 Nxd5 5.Nc3 Nb6 6.Nf3 Nc6 7.O-O Be7 8.d3 O-O
9.a3 Be6 10.b4 a6 11.Bb2 Qd7 12.Rc1 Bh3 13.Ne4 Bxg2 14.Kxg2 Qd5 15.Nc5 Rab8
16.e4 Qd6 17.Qc2 Nd4 18.Nxd4 exd4 19.Nb3 c6 20.Nxd4 Bf6 21.Nf5 Qe6 22.Bxf6 Qxf6
23.Qc3 Qxc3 24.Rxc3 Rfd8 25.Kf3 g6 26.Ne3 Kf8 27.Ke2 Ke7 28.Nc4 Nxc4 29.Rxc4 Rd7
30.Rb1 Rbd8 31.Rb3 Ke6 32.a4 h5 33.h4 f6 34.Ke3 Rd6 35.b5 cxb5 36.axb5 axb5
37.Rcb4 Rb6 38.Rxb5 Rxb5 39.Rxb5 Rd7 40.Rb6+ Ke7 41.d4 Rc7 42.Kd3 Kf7 43.d5 Rd7
44.Kd4 Rc7 45.f4  1-0

[Event "Sydney International Open"]
[Site "Parramatta AUS"]
[Date "2009.04.16"]
[Round "3"]
[White "Cunanan,K"]
[Black "Illingworth,M"]
[Result "0-1"]
[WhiteElo "1991"]
[BlackElo "2243"]

1.c4 e5 2.g3 c6 3.Bg2 Nf6 4.Nc3 d5 5.cxd5 cxd5 6.d3 d4 7.Ne4 Nxe4 8.Bxe4 Bd6
9.Bd2 O-O 10.Qb3 Na6 11.Qb5 Nc5 12.Bg2 Bd7 13.Qa5 Qxa5 14.Bxa5 Rab8 15.Bd2 b5
16.Nf3 b4 17.b3 a5 18.O-O a4 19.bxa4 Nxa4 20.e3 Nc3 21.Rfe1 dxe3 22.Bxe3 Be6
23.Bd2 Nxa2 24.Nxe5 Bxe5 25.Rxe5 b3 26.Re2 Rfc8 27.Rb1 Rc2 28.Be4 Nc3 29.Bxc3 Rxe2
30.Kf1 Rc2 31.Be5 Rbc8 32.Bb2 f5 33.Bb7 R8c7 34.Ba8 Rxb2 35.Rxb2 Rc2  0-1

[Event "4th Open"]
[Site "Angers FRA"]
[Date "2009.04.18"]
[Round "4"]
[White "Delaitre,F"]
[Black "Durfort,O"]
[Result "1-0"]
[WhiteElo "1860"]
[BlackElo "1492"]

1.c4 e5 2.g3 Bc5 3.e3 a6 4.d4 exd4 5.exd4 Ba7 6.Bg2 Ne7 7.Ne2 c6 8.Nbc3 O-O
9.O-O d6 10.Bg5 Nd7 11.Bxe7 Qxe7 12.Re1 Nf6 13.a3 Qc7 14.b4 Rb8 15.b5 axb5
16.cxb5 Be6 17.Rc1 d5 18.Nf4 Qd7 19.Nxe6 fxe6 20.Bh3 Rbe8 21.Rb1 Bb8 22.Re3 Re7
23.Qe2 Ne4 24.Nxe4 dxe4 25.Rxe4 Kh8 26.Bxe6 Qd6 27.bxc6 bxc6 28.Rb4 c5 29.dxc5 Qxc5
30.Qe3 Qc2 31.Bb3 Qb1+ 32.Kg2 Ba7 33.Rf4 Rfe8 34.Qxe7 h6 35.Qxe8+ Kh7 36.Rf8 Qb2
37.Rh8+  1-0

[Event "80th Viktor Kart Jubilee"]
[Site "Lvov UKR"]
[Date "2009.04.18"]
[Round "9"]
[White "Vovk,Y"]
[Black "Kozakov,M"]
[Result "1-0"]
[WhiteElo "2575"]
[BlackElo "2457"]

1.c4 e5 2.g3 Nf6 3.Bg2 d5 4.cxd5 Nxd5 5.Nf3 Nc6 6.d3 Be7 7.a3 O-O 8.b3 Bf6
9.Ra2 Nd4 10.O-O Bg4 11.e3 Nxf3+ 12.Bxf3 Bxf3 13.Qxf3 Qd7 14.Rd1 Rad8 15.Rc2 c6
16.Nd2 Qe6 17.b4 Nb6 18.Qe2 Rd7 19.Bb2 Rfd8 20.Ne4 Be7 21.f4 exf4 22.exf4 Bf8
23.g4 Na4 24.f5 Qb3 25.Bf6 Re8 26.Ba1 Kh8 27.g5 Qd5 28.Rcd2 Qxf5 29.Qg2 Nb6
30.Rf1 Qe6 31.Rdf2 Nd5 32.Rf3 Kg8 33.h4 h5 34.Kh1 b6 35.Qf2 c5 36.bxc5 bxc5
37.g6 Qxg6 38.Rg1 Qc6 39.Rfg3 g6 40.Qb2 f6 41.Rxg6+ Kf7 42.Qg2 Re6 43.Rg8 Re8
44.Nxf6 Ne7 45.Qxc6  1-0

[Event "11th Open St-Quentin en Yvelines"]
[Site "Elancourt FRA"]
[Date "2009.04.19"]
[Round "2"]
[White "Jean,R"]
[Black "Marquet,D"]
[Result "1-0"]
[WhiteElo "1842"]
[BlackElo "1485"]

1.c4 e5 2.g3 c6 3.d4 d6 4.Bg2 Be7 5.Nc3 Nf6 6.e4 Nbd7 7.Nf3 O-O 8.O-O exd4
9.Nxd4 Ne5 10.b3 a6 11.h3 Bd7 12.Be3 b5 13.f4 Ng6 14.cxb5 axb5 15.Re1 Re8
16.Qd2 b4 17.Nce2 Rb8 18.e5 dxe5 19.Nxc6 Bxc6 20.Qxd8 Rexd8 21.Bxc6 exf4
22.Nxf4 Ne5 23.Bg2 h6 24.Ba7 Rb5 25.Kh1 Kf8 26.h4 Nd3 27.Nxd3 Rxd3 28.Bf1 Rb7
29.Bxd3 Rxa7 30.Bc4 Ng4 31.Kg2 Bc5 32.Re2 Ne3+ 33.Kf3 h5 34.Rxe3 Bxe3 35.Kxe3 Re7+
36.Kd3 f6 37.Rf1 Re5 38.Rf2 Ke7 39.Re2 Kd6 40.Rxe5 Kxe5 41.Bf7 Kf5 42.Bxh5  1-0

[Event "11th Open St-Quentin en Yvelines"]
[Site "Elancourt FRA"]
[Date "2009.04.20"]
[Round "4"]
[White "Jean,R"]
[Black "Duval,S"]
[Result "1/2-1/2"]
[WhiteElo "1842"]
[BlackElo "1955"]

1.c4 e5 2.g3 Nf6 3.Bg2 d5 4.cxd5 Nxd5 5.Nf3 Nc6 6.O-O Nb6 7.d3 Be7 8.b3 O-O
9.Nbd2 f5 10.Bb2 Bf6 11.a3 Be6 12.Rc1 Qd7 13.Qc2 Qf7 14.e3 Rfd8 15.Rfd1 Rac8
16.Nc4 Nxc4 17.dxc4 e4 18.Nd4 Ne5 19.Nxe6 Qxe6 20.Bxe5 Qxe5 21.Bf1 Qb2 22.a4 Rxd1
23.Qxd1 Rd8 24.Qc2 Rd2 25.Qxb2 Rxb2 26.c5 Rd2 27.Bh3 Rd5 28.Bf1 Kf8 29.Be2 Ke7
30.b4 c6 31.Rc2 h6 32.h3 g5 33.Kf1 Be5 34.f4 exf3 35.Bxf3 Rd3 36.Ke2 Rb3
37.Rc4 Bxg3 38.e4 Rb2+ 39.Kd3 fxe4+ 40.Rxe4+ Kf6 41.Bg4 Be5 42.Bc8 Rb3+ 43.Kc2 Rb2+
44.Kd3 b6 45.cxb6 axb6 46.Rc4 Ke7 47.Rxc6 Rxb4 48.Rc4 Rxc4 49.Kxc4 h5 50.Kd5 Bc3
51.Ke4 Kf6 52.Kf3 Ke5 53.Bd7  1/2-1/2

[Event "7th V.Nabokov Mem"]
[Site "Kyiv UKR"]
[Date "2009.04.21"]
[Round "10"]
[White "Baryshpolets,A"]
[Black "Vysochin,S"]
[Result "0-1"]
[WhiteElo "2423"]
[BlackElo "2543"]

1.c4 e5 2.g3 Nf6 3.Bg2 h6 4.d3 Bb4+ 5.Bd2 Bxd2+ 6.Qxd2 O-O 7.Nc3 Re8 8.e3 d6
9.Nge2 a5 10.h3 Nbd7 11.O-O Nc5 12.f4 c6 13.e4 b5 14.cxb5 cxb5 15.d4 exd4
16.Qxd4 b4 17.e5 bxc3 18.Nxc3 Nh5 19.Bxa8 Nxg3 20.Bg2 Nf5 21.Qf2 Nd3 22.Qc2 dxe5
23.Be4 Nxf4 24.Bxf5 Qg5+ 25.Kh2 Bxf5 26.Qd2 Rd8  0-1

[Event "11th Open St-Quentin en Yvelines"]
[Site "Elancourt FRA"]
[Date "2009.04.22"]
[Round "6"]
[White "Jean,R"]
[Black "Vallepin,C"]
[Result "0-1"]
[WhiteElo "1842"]
[BlackElo "2130"]

1.c4 e5 2.g3 Nf6 3.Bg2 Nc6 4.Nc3 Bb4 5.Nf3 e4 6.Nh4 Bxc3 7.bxc3 d6 8.d3 exd3
9.exd3 Qe7+ 10.Qe2 Qxe2+ 11.Kxe2 Bg4+ 12.f3 Be6 13.Re1 h6 14.Bh1 O-O-O 15.Kf2 g5
16.Ng2 Ne5 17.Rd1 Bf5 18.Ne1 Rhe8 19.Bg2 d5 20.cxd5 Nxd5 21.Bb2 Nb6 22.Bf1 Na4
23.Rab1 c5 24.Ba1 c4 25.Rb4 Nc5 26.d4 Ned3+ 27.Bxd3 Nxd3+ 28.Nxd3 Bxd3 29.Rb2 Re6
30.Re1 Rxe1 31.Kxe1 f5 32.Kf2 f4 33.Rd2 fxg3+ 34.hxg3 Rf8 35.Ke3 Re8+ 36.Kf2 Re6
37.Rb2 Kc7 38.Rd2 h5 39.a3 Ra6 40.Bb2 Rb6 41.Ke3 Kc6 42.Kf2 Kb5 43.Bc1 Ka4
44.Rb2 Rxb2+ 45.Bxb2 Kb3 46.Bc1 Kxc3 47.d5 g4 48.fxg4 hxg4 49.Ke1 Bf5 50.Bf4 Kb3
51.Bc1 c3 52.Kd1 a5 53.d6 b5 54.Ke1 Kc2 55.Bf4 b4 56.axb4 axb4 57.d7 Bxd7
58.Bd6 b3  0-1

[Event "11th Open St-Quentin en Yvelines"]
[Site "Elancourt FRA"]
[Date "2009.04.24"]
[Round "8"]
[White "Jean,R"]
[Black "Costa,PJ"]
[Result "1-0"]
[WhiteElo "1842"]
[BlackElo "1891"]

1.c4 e5 2.g3 Nf6 3.Bg2 d5 4.cxd5 Nxd5 5.Nf3 Nc6 6.O-O Nb6 7.b3 Be7 8.Bb2 Bf6
9.Nc3 Bf5 10.d3 O-O 11.Nd2 Qd7 12.Nce4 Be7 13.Rc1 Bh3 14.Nc5 Bxc5 15.Rxc5 Bxg2
16.Kxg2 Rae8 17.Nf3 f6 18.a3 Re6 19.e3 Rd8 20.d4 exd4 21.Nxd4 Nxd4 22.Bxd4 Qd6
23.Qc2 c6 24.Rh5 g6 25.Bxb6 axb6 26.Rh4 Qxa3 27.Qc4 Qe7 28.Ra1 Kg7 29.Ra7 Re5
30.b4 Red5 31.Qxc6 bxc6 32.Rxe7+ Kg8 33.Rhxh7 c5 34.bxc5 bxc5 35.Reg7+ Kf8
36.Rxg6 c4 37.Rxf6+ Kg8 38.Rc7  1-0

[Event "2nd Mayors Cup"]
[Site "Mumbai IND"]
[Date "2009.05.01"]
[Round "11"]
[White "Kostenko,P"]
[Black "Miroshnichenko,E"]
[Result "0-1"]
[WhiteElo "2490"]
[BlackElo "2680"]

1.c4 e5 2.g3 Nf6 3.Bg2 Nc6 4.Nf3 Bc5 5.Nxe5 Nxe5 6.d4 Bb4+ 7.Kf1 Ng6 8.e4 O-O
9.h4 c6 10.h5 Ne7 11.a3 Ba5 12.h6 g6 13.b4 Bc7 14.Nc3 d5 15.exd5 cxd5 16.Bg5 Ne8
17.Nxd5 f6 18.Bd2 Be6 19.Nxe7+ Qxe7 20.Qe2 Qd7 21.Re1 Bf7 22.d5 b5 23.Qe7 Rd8
24.Qxd7 Rxd7 25.cxb5 Bxd5 26.Bxd5+ Rxd5 27.Be3 Bb6 28.Bxb6 axb6 29.Re6 Nd6
30.Kg2 Kf7 31.Rhe1 Re8 32.Rxe8 Nxe8 33.a4 Rd4 34.Rb1 Nd6 35.Rc1 Rxb4 36.Rc7+ Ke6
37.Rxh7 Nf7 38.Rg7 Nxh6 39.Rxg6 Ng4 40.Rg8 Rxa4 41.f3 Ne5 42.f4 Nd7 43.Re8+ Kf5
44.Rd8 Nc5 45.Rd6 Ne4 46.Rxb6 Ra2+ 47.Kh3 Ra3  0-1

[Event "XXVIII Open"]
[Site "Zalakaros HUN"]
[Date "2009.05.08"]
[Round "1"]
[White "Steiner,B"]
[Black "Banusz,T"]
[Result "0-1"]
[WhiteElo "2194"]
[BlackElo "2502"]

1.c4 e5 2.g3 Nf6 3.Bg2 c6 4.Nf3 e4 5.Ng5 d5 6.cxd5 cxd5 7.d3 h6 8.Nh3 Bb4+
9.Bd2 Bxd2+ 10.Qxd2 O-O 11.O-O Bf5 12.Nc3 exd3 13.exd3 Nc6 14.Nf4 d4 15.Ncd5 g5
16.Nxf6+ Qxf6 17.Nd5 Qd6 18.b4 a6 19.f4 g4 20.a4 Rae8 21.Rac1 Kg7 22.b5 Ne7
23.Nxe7 Rxe7 24.bxa6 bxa6 25.Rc4 Re3 26.Rc6 Qa3 27.Qa5 Qxd3 28.Rxa6 Re2 29.Rd6 Qe3+
30.Kh1 Qd3 31.Qd5 Be4 32.Qe5+ Kg8 33.Rxd4 Bxg2+ 34.Kg1 Rxe5 35.Rxd3 Bxf1  0-1

[Event "Subic Open"]
[Site "Subic PHI"]
[Date "2009.05.25"]
[Round "1"]
[White "Garcia,Jan"]
[Black "Bitoon,R"]
[Result "0-1"]
[WhiteElo "2292"]
[BlackElo "2479"]

1.c4 e5 2.g3 Nf6 3.Bg2 Nc6 4.d3 Bc5 5.Nc3 d6 6.Nf3 h6 7.O-O O-O 8.Na4 Qe7
9.b3 a5 10.Nxc5 dxc5 11.a4 Rd8 12.Nd2 Nd4 13.Bb2 c6 14.e3 Nf5 15.Qc2 Nh7
16.Rad1 f6 17.Rfe1 Ng5 18.f4 Nf7 19.Nf3 Re8 20.fxe5 Nxe5 21.Nxe5 fxe5 22.Qd2 Nd6
23.Ba3 Bg4 24.Ra1 Nf7 25.d4 Ng5 26.Bxc5 Qd7 27.Rf1 e4 28.Rf2 Nf3+ 29.Bxf3 Bxf3
30.Raf1 Qg4 31.d5 Re5 32.Qd4 Qh5 33.Bd6 Rf5 34.dxc6 bxc6 35.c5 Rd8 36.Rd2 Kh7
37.Qc3 Rg5 38.Qb2 Rd7 39.Qc3 Qh3 40.Qc2 Kh8 41.Qb2 h5 42.Bf4 Rxd2 43.Qxd2 Rd5
44.Qf2 Rxc5 45.Bc7 Rd5 46.Bb6 Kh7 47.Qc2 Kg8 48.Bd4 h4  0-1

[Event "Subic Open"]
[Site "Subic PHI"]
[Date "2009.05.26"]
[Round "3"]
[White "Murshed,N"]
[Black "Bitoon,R"]
[Result "0-1"]
[WhiteElo "2407"]
[BlackElo "2479"]

1.c4 e5 2.g3 Nf6 3.Bg2 Bc5 4.Nc3 O-O 5.e3 d6 6.Nge2 c6 7.O-O Bg4 8.h3 Be6
9.d4 Bb4 10.b3 e4 11.d5 cxd5 12.cxd5 Bf5 13.Bb2 Nbd7 14.g4 Bg6 15.g5 Nh5
16.h4 Bxc3 17.Bxc3 f6 18.Nd4 fxg5 19.Ne6 Qe7 20.hxg5 Rf5 21.f4 exf3 22.Rxf3 Rxg5
23.Nxg5 Qxg5 24.Qd4 Ndf6 25.Rf4 Nxf4 26.exf4 Qg3 27.Bb2 Rc8 28.Rf1 Be4 29.Rf2 Rd8
30.Bc3 Bxd5 31.Kf1 Be4 32.Qc4+ d5 33.Qc7 Qg4 34.Kg1 Rc8 35.Qe5 Bxg2 36.Rxg2 Qd1+  0-1

[Event "Subic Open"]
[Site "Subic PHI"]
[Date "2009.05.28"]
[Round "5"]
[White "Garcia,Jan"]
[Black "Irwanto,S"]
[Result "1-0"]
[WhiteElo "2292"]
[BlackElo "2447"]

1.c4 e5 2.g3 Nc6 3.Bg2 g6 4.Nc3 Bg7 5.e3 Nge7 6.Nge2 d6 7.d3 O-O 8.Rb1 Be6
9.Nd5 Qd7 10.b4 Nd8 11.Qc2 Nxd5 12.cxd5 Bh3 13.O-O Bxg2 14.Kxg2 c6 15.dxc6 Nxc6
16.b5 Ne7 17.Qb3 h5 18.h4 Rfd8 19.e4 d5 20.Bg5 f6 21.Be3 Kh7 22.Rfd1 b6 23.d4 Qe6
24.dxe5 Qxe5 25.Nd4 Bh6 26.Nf3 Qe6 27.Bxh6 Kxh6 28.exd5 Nxd5 29.Rbc1 Rd6
30.Nd4 Qd7 31.Qf3 Re8 32.Rc6 Re5 33.Rdc1 Qe7 34.Rxd6 Qxd6 35.Rc6 Qb4 36.Qd3 Qe7
37.Rc8 Qd7 38.Rc2 Kh7 39.Qd2 Qg4 40.Nf3 Rf5 41.Nh2 Qe4+ 42.Kg1 Re5 43.Nf1 f5
44.Rc8 f4 45.Rd8 Qf5 46.Qd4 Nf6 47.a4 Re7 48.Rd6 Rf7 49.Qc4 Ne4 50.Rd5 Qe6
51.Rxh5+  1-0

[Event "Subic Open"]
[Site "Subic PHI"]
[Date "2009.05.28"]
[Round "5"]
[White "Gonzales,Jay"]
[Black "Mohota,N"]
[Result "1/2-1/2"]
[WhiteElo "2465"]
[BlackElo "2304"]

1.c4 e5 2.g3 Nf6 3.Bg2 d5 4.cxd5 Nxd5 5.Nf3 Nc6 6.O-O Nb6 7.d3 Be7 8.Nbd2 O-O
9.a3 a5 10.b3 Be6 11.Bb2 f6 12.Rc1 Rf7 13.Rc2 Rb8 14.Qa1 Bf8 15.Rfc1 Rd7
16.Bf1 Nd4 17.Bxd4 exd4 18.Qb2 c5 19.Ne4 a4 20.b4 cxb4 21.axb4 a3 22.Qxa3 Ra8
23.Qb2 Na4 24.Qb1 b6 25.e3 dxe3 26.fxe3 Rxd3 27.Bxd3 Qxd3 28.Rf2 Qxe3 29.Re1 Qb3
30.Qa1 Bxb4 31.Rb1 Bc3 32.Nxc3 Qxc3 33.Qxc3 Nxc3 34.Rxb6 Bh3 35.Rf1 Bxf1
36.Kxf1 Ra1+ 37.Kg2 Ra2+ 38.Kg1 h6 39.Rb7 Ra1+ 40.Kg2 Ra2+ 41.Kg1 Ra1+  1/2-1/2

[Event "TOP 16 Poule Basse"]
[Site "Le Port Marly FRA"]
[Date "2009.05.29"]
[Round "9"]
[White "Damljanovic,B"]
[Black "Komarov,Di"]
[Result "1/2-1/2"]
[WhiteElo "2573"]
[BlackElo "2530"]

1.c4 e5 2.g3 c6 3.d4 e4 4.f3 Nf6 5.Bg2 d5 6.cxd5 cxd5 7.Nc3 Bb4 8.Bg5 O-O
9.fxe4 dxe4 10.e3 h6 11.Bxf6 Qxf6 12.Ne2 Bg4 13.Qd2 Nc6 14.Nf4 Rad8 15.O-O Qe7
16.Qc2 Bxc3 17.bxc3 Rfe8 18.h3 Bc8 19.g4 Na5 20.c4 b6 21.Rfc1 Ba6 22.c5 Nc4
23.Qa4 Nxe3 24.Qxa6 Rxd4 25.c6 Qc7 26.Ne2 Rd2 27.Rc3 Nd5 28.Rb3 Qxc6 29.Rc1 Rc2
30.Rxc2 Qxc2  1/2-1/2

[Event "Subic Open"]
[Site "Subic PHI"]
[Date "2009.05.29"]
[Round "7"]
[White "Villamayor,B"]
[Black "Li Panru"]
[Result "1-0"]
[WhiteElo "2474"]
[BlackElo "2146"]

1.c4 e5 2.g3 Nf6 3.Bg2 Nc6 4.Nc3 Bb4 5.Nd5 Nxd5 6.cxd5 Ne7 7.e4 O-O 8.Ne2 d6
9.O-O Ng6 10.d4 f5 11.Qa4 c5 12.dxc6 Qb6 13.a3 Ba5 14.exf5 Bxf5 15.cxb7 Rae8
16.b4 Qa6 17.Re1 Bg4 18.Qxa5 Bxe2 19.Qxa6 Bxa6 20.Bd5+ Kh8 21.Be3 Re7 22.dxe5 Nxe5
23.Bd4 Bxb7 24.Bxb7 Rxb7 25.Bxe5 dxe5 26.Rxe5 Kg8 27.Rae1 Rc8 28.Re7 Rcc7
29.Rxc7 Rxc7 30.Re6 Kf7 31.Ra6 Ke7 32.h4 Rb7 33.Kg2 Kd7 34.g4 Rc7 35.h5 Kc8
36.g5 Re7 37.f4 Kb7 38.b5 Rd7 39.Kf3 Rd5 40.Re6 Rd7 41.Ke4 Kc7 42.f5  1-0

[Event "Doroshkevicha Mem"]
[Site "Belorechensk RUS"]
[Date "2009.05.30"]
[Round "8"]
[White "Piven,V2"]
[Black "Markosian,S"]
[Result "1-0"]
[WhiteElo "2115"]
[BlackElo "1878"]

1.c4 e5 2.g3 f5 3.Nc3 Nf6 4.Bg2 Bc5 5.e3 O-O 6.d4 exd4 7.exd4 Bb4 8.Ne2 Ne4
9.O-O Bxc3 10.Nxc3 Nxc3 11.bxc3 d6 12.Re1 Nc6 13.h4 h6 14.Qh5 Bd7 15.Bd5+ Kh7
16.Rb1 Na5 17.Bg5  1-0

[Event "XXXI Nezhmetdinov Mem"]
[Site "Kazan RUS"]
[Date "2009.06.03"]
[Round "4"]
[White "Ioffe,D"]
[Black "Krylov,M RUS"]
[Result "0-1"]
[WhiteElo "2149"]
[BlackElo "2482"]

1.g3 e5 2.c4 Nc6 3.Bg2 g6 4.Nc3 Bg7 5.Rb1 d6 6.b4 a6 7.a4 Bf5 8.d3 Qd7 9.b5 axb5
10.axb5 Nd8 11.Nd5 Be6 12.Nf3 h6 13.O-O Ne7 14.Qb3 Bxd5 15.cxd5 b6 16.Bb2 O-O
17.Ra1 Nb7 18.Nd2 f5 19.e3 g5 20.f4 Ng6 21.fxe5 Nxe5 22.d4 Na5 23.Qc2 Ng4
24.Qd3 Rae8 25.Rae1 h5 26.h3 Nh6 27.Re2 Nb7 28.Rfe1 Nc5 29.dxc5 Bxb2 30.Nf3 Bf6
31.c6 Qg7 32.Nd4 Bxd4 33.exd4 Rxe2 34.Qxe2 Qxd4+ 35.Kh2 g4 36.Qe7 Qg7 37.Qd7 Kh7
38.Re6 Qxd7 39.cxd7 Rd8 40.Re7+ Kg6 41.h4 Nf7 42.Bf1 Ne5 43.Re6+ Kf7 44.Rh6 Rxd7
45.Rxh5 Nf3+ 46.Kg2 Kf6 47.Kf2 Nd4 48.Ke3 Ke5 49.Bc4 Rf7 50.Rh8 Nc2+ 51.Kd2 Nb4
52.h5 Kd4 53.Bb3 f4 54.gxf4 Rxf4 55.Rh7 Rf2+ 56.Ke1 Nd3+ 57.Kd1 g3 58.Rg7 g2  0-1